Statistics for Angels Baseball All-Time Stat Leaders

Click here to take the quiz!

General Stats

  • This quiz has been taken 117 times
  • The average score is 8 of 15

Answer Stats

Category Hint Answer % Correct
Hits1,674 (92-06)Tim Salmon
88%
HR299 (92-06)Tim Salmon
84%
W138 (72-79)Nolan Ryan
68%
Batting Average.296 (1994-2008)Garrett Anderson
67%
Hits2,368 (94-08)Garrett Anderson
67%
HR272 (94-08)Garrett Anderson
65%
Batting Average.314 (1979-1985)Rod Carew
63%
Batting Average.319 (2004-2009)Vladimir Guerrero
58%
W162 (86-99)Chuck Finley
53%
SB280 (02-09)Chone Figgins
39%
Hits1,588 (78-90)Brian Downing
27%
HR222 (78-90)Brian Downing
27%
W109 (81-89)Mike Witt
26%
SB186 (82-87)Gary Pettis
22%
SB174 (91-93)Luis Polonia
7%

Score Distribution

Percentile by Number Answered

Percent of People with Each Score

Your Score History

You have not taken this quiz